Statistics for American Universities by Medical School

Click here to take the quiz!

General Stats

  • This quiz has been taken 35 times
  • The average score is 7 of 10

Answer Stats

HintAnswer% Correct
FeinbergNorthwestern University
81%
WeillCornell University
77%
PerelmanUniversity of Pennsylvania
73%
GeffenUniversity of California- Los Angeles
69%
PritzkerUniversity of Chicago
69%
AlpertBrown University
65%
GeiselDartmouth College
62%
KeckUniversity of Southern California
62%
LangoneNew York University
58%
CarverUniversity of Iowa
46%

Score Distribution

Percentile by Number Answered

Percent of People with Each Score

Your Score History

You have not taken this quiz